000 00885nam a2200277Ia 4500
001 Para_8120
003 CHAP
008 220125s9999 xx 000 0 und d
010 _a207025
040 _cCHAP
082 _aPA-C 595.75 H4
100 _aBeamer, R.H.
245 _aSome erythroneura from the Western United States (Homoptera, cicadellidae) /
_c by R.H. Beamer
300 _a5 p.
440 _aHemiptera; 14
_9173407
500 _aSobretiro de: J.Kan. Ent. Soc. 5 (4): 123-127, 1932. Encuadernado con otros impresos similares
650 _a
_x Hemípteros
_x colecciones de escritos
_x Cicadelidos
_9172058
710 _aJournal Kansas Entomological Society 5 (4)
_9173445
901 _aPA-C 595.75 H4
902 _aA
905 _a000000 0000000000 00
910 _a
942 _cPARA
942 _cPARA
_d1
999 _c207025
_d207025